| 000 | 00000nam##2200000za#4500 |
| 001 | 9.571677 |
| 003 | CaOODSP |
| 005 | 20211126112845 |
| 007 | cr ||||||||||| |
| 008 | 150406|1998||||xxc|||||o f|0| 0 eng|d |
| 022 | |a1701-9397 |
| 040 | |aCaOODSP|beng |
| 043 | |an-cn--- |
| 086 | 1 |aFB3-2/98-14E-PDF |
| 110 | 2 |aBank of Canada. |
| 245 | 10|aNon-linearities in the output-inflation relationship : |h[electronic resource]|bsome empirical results for Canada / |cby Chantal Dupasquier and Nicholas Ricketts. |
| 260 | |aOttawa - Ontario : |bBank of Canada |cAugust 1998. |
| 300 | |a31p.|bgraphs, tables |
| 490 | 1 |aBank of Canada working paper|x1701-9397|v98-14 |
| 500 | |a"This paper analyzes the short-run dynamic process of inflation in Canada and examines whether a systematic variation in the relationship between inflation and output can be detected over time.... Evidence for four different types of asymmetry is presented in the context of shot-run Phillips curves estimated in a state-space framework. The results suggest that there is significant time variation in the trade-off in Canada, but that it is difficult to distinguish definitively among the possible models generating the non-linearity."--Abstract. |
| 500 | |aThe ISBN (0-662-27166-1) and ISSN (1192-5434) for the print edition have been incorrectly copied in this electronic publication. |
| 504 | |aBibliography. |
| 520 | 3 |aThis paper analyzes the short-run dynamic process of inflation in Canada and examines whether a systematic variation in the relationship between inflation and output can be detected over time.... Evidence for four different types of asymmetry is presented in the context of shot-run Phillips curves estimated in a state-space framework. The results suggest that there is significant time variation in the trade-off in Canada, but that it is difficult to distinguish definitively among the possible models generating the non-linearity.--Abstract |
| 546 | |aRésumé en français. |
| 590 | |a11-20-Supp|b2011-09-29 |
| 720 | 1 |aRicketts, Nicholas |
| 720 | 1 |aDupasquier, Chantal |
| 776 | 0#|tNon-linearities in the output-inflation relationship : |w(CaOODSP)9.614550 |
| 830 | #0|aWorking paper (Bank of Canada)|x1701-9397|v98-14|w(CaOODSP)9.504604 |
| 856 | 40|ahttp://publications.gc.ca|qPDF|s208 KB|uhttps://publications.gc.ca/collections/Collection/FB3-2-98-14E.pdf|y98-14 |